| 000 -LEADER |
| fixed length control field |
01595pab a2200169 454500 |
| 008 - FIXED-LENGTH DATA ELEMENTS--GENERAL INFORMATION |
| fixed length control field |
180718b2012 xxu||||| |||| 00| 0 eng d |
| 100 ## - MAIN ENTRY--PERSONAL NAME |
| Personal name |
Schillemans, Thomas |
| 245 ## - TITLE STATEMENT |
| Title |
Double-edged swords: Expert-stakeholders as (slightly) unreliable instruments for control and autonomy of executive agencies |
| 260 ## - PUBLICATION, DISTRIBUTION, ETC. |
| Date of publication, distribution, etc. |
2012 |
| 300 ## - PHYSICAL DESCRIPTION |
| Extent |
p.421-433. |
| 362 ## - DATES OF PUBLICATION AND/OR SEQUENTIAL DESIGNATION |
| Dates of publication and/or sequential designation |
May |
| 520 ## - SUMMARY, ETC. |
| Summary, etc. |
Establishing executive agencies at arms's length of parent departments has caused widespread concern regarding their autonomy. In the Netherlands, ministries have established different types of boards to monitor agencies. Also, agencies have established an independent review commission. The different boards and the review commission can be looked at as expert stakeholders. This article poses the question whether and how expert stakeholders contribute to either the ministries' control on agencies or the autonomy of agencies. The article is based on qualitative research on six of the largest executive agencies. The article concludes that expert stakeholders act as double-edged swords: they contribute to control on agencies but also to their autonomy. Expert stakeholders improve the monitoring capacity of ministries and thus contribute to control. Conversely, they also strengthen agencies, as they provide political multiplicity and boost reputational uniqueness. The question of which of these prevails is mainly influenced by time, capture, and policy crises. - Reproduced. |
| 650 ## - SUBJECT ADDED ENTRY--TOPICAL TERM |
| Topical term or geographic name entry element |
Public administration |
| 773 ## - HOST ITEM ENTRY |
| Main entry heading |
International Journal of Public Administration |
| 908 ## - PUT COMMAND PARAMETER (RLIN) |
| Put command parameter |
N |
| 909 ## - |
| -- |
97163 |